Statistics for First Name Vocabulary #2

Click here to take the quiz!

General Stats

  • This quiz has been taken 28,958 times
    (14,411 since last reset)
  • The average score is 13 of 21

Answer Stats

Definition First Name % Correct
Red precious stoneRuby
94%
Red-breasted birdRobin
93%
Romantic flowerRose
91%
Baby kangarooJoey
86%
Pre-meal prayerGrace
80%
Device used to lift a carJack
79%
Climbing plantIvy
72%
Stone workerMason
70%
Semiprecious green stoneJade
67%
ElationJoy
65%
Legislation that is not yet a lawBill
65%
Decorative Christmas plantHolly
64%
Fossilized tree resin used in jewelryAmber
62%
Noble rank below Duke but above BaronEarl
57%
Very strong wind; 34-47 knotsGale
56%
$100 bill (slang)Benjamin
46%
Tropical grassland ecosystemSavannah
41%
Tropical flower / type of teaJasmine
40%
Slang for a shillingBob
22%
Waste paper produced from using a hole punchChad
21%
Weighing system for precious metalsTroy
11%

Score Distribution

Percentile by Number Answered

Percent of People with Each Score

Your Score History

You have not taken this quiz since the last reset